Statistiques concernant Emblèmes végétaux

Cliquez ici pour prendre le quiz!

Statistiques générales

  • Ce quiz a été pris 44 fois
    (33 depuis la dernière actualisation)
  • Le résultat moyen est 2 sur 10

Statistiques - réponses

HintRéponse% Correct
Canada-FeuilleErable
97%
Royaume de France-FleurLys
87%
USA-FleurRose
23%
Dahlia-AmériqueMexique
10%
Arganier-AfriqueMaroc
6%
Baobab-AfriqueSénégal
6%
Kimilsungia-AsieCorée du Nord
3%
Oeillet-EuropeEspagne
3%
Gloriosa-AfriqueZimbabwe
3%
Russie-FleurCamomille
0%

Distribution des résultats

Percentile par nombre de réponses

% des personnes avec chaque résultat

Votre développement - résultats

Vous n’avez pas pris ce quiz depuis la dernière actualisation